Who am I? Quiz Stats

 Plays Quiz not verified by Sporcle

Score 0/44 Timer 10:00
0 Plays Today
Hint Celebrity % Correct
????
100%
????
93.2%
????
86.4%
????
82.8%
????
77.2%
????
73.4%
????
68.6%
????
63.6%
????
60.7%
????
48.5%
????
35.8%
????
33.7%
????
33.7%
????
33.1%
????
33.1%
????
33.1%
????
32.8%
????
32.8%
????
32.8%
????
32.8%
????
32.8%
????
26.3%
Hint Celebrity % Correct
????
25.7%
????
25.7%
????
25.7%
????
25.4%
????
25.4%
????
25.4%
????
25.4%
????
25.4%
????
25.4%
????
25.1%
????
21.6%
????
21.3%
????
21.3%
????
21.3%
????
21.3%
????
21.3%
????
21.3%
????
21.3%
????
21.3%
????
21.3%
????
21.3%
????
19.5%

You're not logged in!

Compare scores with friends on all Sporcle quizzes.
OR
Log In

Show Comments

Extras

Created Nov 26, 2010ReportNominate
Tags:Celebrity Quiz

Top Quizzes Today


Score Distribution

Your Account Isn't Verified!

In order to create a playlist on Sporcle, you need to verify the email address you used during registration. Go to your Sporcle Settings to finish the process.

Report this User

Report this user for behavior that violates our Community Guidelines.

Details: